000 01314cam a22003617a 4500
003 CHAP
005 20220329141849.0
008 980316d1986 mx r 00110 spa d
010 _a74964
011 _a75936
035 _a85509
040 _cCHAP
090 _aTesis
100 0 0 _aHernández Narváez, Dora Elia.
_954397
245 1 0 _aDeterminación y evaluación de la acción insecticida de la molécula experimental Kora II
_c/por Dora Elia Hernández Narváez
260 _aMonterrey, N.L. :
_bEl autor,
_c1986.
300 _a38 h. :
_bgráfs.
502 _aTesis (Ing. Agr. Esp. en Parasitología Agrícola) -- ITESM. División de Ciencias Agropecuarias y Marítimas
590 _aALEPH
_b10
_c20130110
_lUCH01
_h1422
590 _aBATCH-UPD
_b10
_c20130110
_lUCH01
_h0308
590 _aBATCH-UPD
_b10
_c20130110
_lUCH01
_h1733
590 _aBATCH-UPD
_b10
_c20130409
_lUCH01
_h2340
590 _aBATCH-UPD
_b10
_c20130410
_lUCH01
_h1541
590 _aBATCH-UPD
_b10
_c20130914
_lUCH01
_h1645
590 _aCONVERSION
_b10
_c20130109
_lUCH01
_h1341
650 1 4 _aInsecticidas
_xAnálisis.
_958856
650 1 4 _aInsecticidas
_xPruebas.
_958878
650 1 4 _aInsecticidas
_xToxicidad.
_958882
901 _aBK
905 _aMayto Villalobos S.
942 _cTESIS
949 _bBC
_cTES
_d855091
_eTS1
_h32262
_i85509
_st
999 _c74964
_d74964